[Event "43rd Pan-American U20"]
[Site "Guayaquil ECU"]
[Date "2018.06.21"]
[Round "4.4"]
[White "Delgado Romero, Marco"]
[Black "Molina Mendoza, Omar"]
[Result "0-1"]
[WhiteElo "2209"]
[BlackElo "2214"]
[EventDate "2018.06.19"]
[PlyCount "86"]

1.e4 e6 2.d4 d5 3.Nd2 c5 4.exd5 Qxd5 5.Ngf3 cxd4 6.Bc4 Qd7 7.O-O Nc6 8.Nb3
a6 9.Nbxd4 Nxd4 10.Nxd4 Bd6 11.Re1 Ne7 12.Bg5 Qc7 13.Bxe6 fxe6 14.Nxe6 
Bxe6 15.Rxe6 O-O-O 16.Qg4 Kb8 17.Bxe7 Bxe7 18.Qxg7 Bd6 19.Qxc7+ Kxc7 20.g3
Rhe8 21.Rae1 Rxe6 22.Rxe6 Bc5 23.Re2 a5 24.Kg2 a4 25.a3 Rd1 26.f4 Kc6 27.
Kf3 Rb1 28.c3 Kd5 29.g4 Kc4 30.g5 Kb3 31.h4 Rxb2 32.f5 Rxe2 33.Kxe2 Kxa3 
34.h5 Kb2 35.g6 hxg6 36.hxg6 a3 37.g7 a2 38.g8=Q a1=Q 39.Qd5 Qa6+ 40.c4 
Qc6 41.Kd3 Kb3 42.f6 Qxd5+ 43.cxd5 Bd6 0-1

[Event "43rd Pan-American U20"]
[Site "Guayaquil ECU"]
[Date "2018.06.21"]
[Round "4.5"]
[White "Zambrano, Junior"]
[Black "Noboa, Kevin"]
[Result "0-1"]
[WhiteElo "2152"]
[BlackElo "2267"]
[EventDate "2018.06.19"]
[PlyCount "72"]

1.d4 e6 2.c4 Bb4+ 3.Nd2 Nf6 4.a3 Be7 5.Ngf3 d5 6.e3 O-O 7.Bd3 Nbd7 8.Qc2 
c5 9.cxd5 exd5 10.b3 b6 11.Bb2 Bb7 12.O-O Rc8 13.Qd1 Ne4 14.Ne5 Nxd2 15.
Qxd2 Nxe5 16.dxe5 c4 17.Bf5 Rc6 18.b4 Bc8 19.Bxc8 Qxc8 20.Qxd5 Rd8 21.Qf3 
c3 22.Rac1 Rc4 23.Ba1 a5 24.bxa5 Bxa3 25.axb6 Bxc1 26.Rxc1 Qc5 27.Qe2 h6 
28.b7 Rb8 29.Qa2 Rxb7 30.Qa8+ Qc8 31.Qa6 c2 32.Bd4 Rb1 33.Qa3 Qa6 34.Bb2 
Rxc1+ 35.Bxc1 Qxa3 36.Bxa3 c1=Q+ 0-1

[Event "43rd Pan-American U20"]
[Site "Guayaquil ECU"]
[Date "2018.06.21"]
[Round "4.6"]
[White "Mendoza Criollo, Carlos David"]
[Black "Lu, Maximillian"]
[Result "0-1"]
[WhiteElo "1945"]
[BlackElo "2204"]
[EventDate "2018.06.19"]
[PlyCount "116"]

1.d4 Nf6 2.c4 g6 3.Nc3 d5 4.Qb3 dxc4 5.Qxc4 Bg7 6.e4 O-O 7.Be2 Nfd7 8.Be3 
Nb6 9.Qd3 Nc6 10.Rd1 a6 11.Nf3 Bg4 12.a3 Qd7 13.e5 f6 14.exf6 exf6 15.Ne4 
Bf5 16.Qb3+ Qd5 17.Qxd5+ Nxd5 18.Nc5 b5 19.O-O Rfe8 20.Rfe1 Bc8 21.Bf1 Bg4
22.a4 bxa4 23.Nxa6 Nce7 24.Ra1 Bd7 25.Rec1 c6 26.Bd2 Rec8 27.Nc5 Be8 28.
Nxa4 Rcb8 29.Bc4 Bf7 30.b3 g5 31.h3 h6 32.Nc5 Rxa1 33.Rxa1 Nb6 34.Bxf7+ 
Kxf7 35.Ra7 Nd5 36.Kf1 h5 37.Ke2 Kg8 38.g4 h4 39.Kd3 Ng6 40.Kc2 Ngf4 41.
Bxf4 Nxf4 42.Rc7 Nxh3 43.Rxc6 Re8 44.Ne6 Nxf2 45.d5 Nxg4 46.Kd2 Bf8 47.Rc4
Nh6 48.Ke2 h3 49.Kf1 g4 50.Nh4 Bd6 51.Rc6 Bg3 52.Ng6 Kf7 53.Ngf4 Nf5 54.
Rc7+ Re7 55.Rc8 Bxf4 56.Rf8+ Kg6 57.Nxf4+ Kg7 58.Ne6+ Rxe6 0-1

[Event "43rd Pan-American U20"]
[Site "Guayaquil ECU"]
[Date "2018.06.21"]
[Round "4.7"]
[White "Ghatti, Sanjay"]
[Black "Araoz Andrade, Ivan Alexander"]
[Result "1-0"]
[WhiteElo "2189"]
[BlackElo "1868"]
[EventDate "2018.06.19"]
[PlyCount "67"]

1.e4 c5 2.Nf3 d6 3.d4 cxd4 4.Nxd4 Nf6 5.Nc3 a6 6.g3 e5 7.Nb3 Be7 8.Bg2 O-O
9.O-O Nbd7 10.a4 b6 11.Qe2 Bb7 12.Rd1 Qc7 13.Nd2 Bc6 14.Nf1 Rfd8 15.Ne3 g6
16.g4 Nc5 17.g5 Nfxe4 18.Ncd5 Qb7 19.Qg4 f5 20.gxf6 Nxf6 21.Nxf6+ Bxf6 22.
Nd5 Rf8 23.b4 Nd7 24.Ra3 b5 25.axb5 axb5 26.Rxa8 Qxa8 27.Qxd7 Bxd7 28.
Nxf6+ Rxf6 29.Bxa8 Bf5 30.Bg5 Rf8 31.Bd5+ Kg7 32.Ra1 Bxc2 33.Ra7+ Kh8 34.
Bh6 1-0

[Event "43rd Pan-American U20"]
[Site "Guayaquil ECU"]
[Date "2018.06.21"]
[Round "4.8"]
[White "Avila Pavas, Santiago"]
[Black "Haro, Harold"]
[Result "1-0"]
[WhiteElo "2278"]
[BlackElo "1629"]
[EventDate "2018.06.19"]
[PlyCount "83"]

1.Nf3 Nf6 2.d4 g6 3.Bg5 Bg7 4.Nbd2 d6 5.c3 O-O 6.e4 c5 7.dxc5 dxc5 8.Bc4 
Nc6 9.Qe2 Ng4 10.Rd1 Qc7 11.O-O Nce5 12.Nxe5 Nxe5 13.Bb3 a6 14.h3 b5 15.
Bd5 Bb7 16.Bxb7 Qxb7 17.f4 Nc6 18.Bh4 b4 19.e5 bxc3 20.bxc3 Qb2 21.Qc4 
Rac8 22.Ne4 Qb5 23.Qxb5 axb5 24.Nxc5 Nxe5 25.fxe5 Rxc5 26.Bxe7 Rxe5 27.
Bxf8 Bxf8 28.Rd7 f5 29.Rb7 Rc5 30.Rd1 Rxc3 31.Rd8 Rc6 32.Rdd7 b4 33.Rd8 
Rd6 34.Rc8 Rd1+ 35.Kf2 Rd2+ 36.Kf3 Rd6 37.Rbb8 Rf6 38.Rxb4 Kf7 39.Rb7+ Be7
40.Rh8 Ke6 41.Re8 Rf7 42.a4 1-0

[Event "43rd Pan-American U20"]
[Site "Guayaquil ECU"]
[Date "2018.06.21"]
[Round "4.9"]
[White "Ramos Baya, David Santiago"]
[Black "Estrada Lavin, Cristian Alexand"]
[Result "0-1"]
[WhiteElo "1693"]
[BlackElo "2120"]
[EventDate "2018.06.19"]
[PlyCount "66"]

1.e4 c5 2.Nf3 e6 3.d4 cxd4 4.Nxd4 a6 5.Bd3 Bc5 6.Nb3 Ba7 7.Nc3 Nc6 8.a4 
Nf6 9.Bg5 h6 10.Bh4 d6 11.O-O g5 12.Bg3 e5 13.Bc4 Bg4 14.Qd2 Rc8 15.Bd5 
O-O 16.Kh1 Rc7 17.f3 Be6 18.Rfd1 Rd7 19.a5 Ne7 20.Bxe6 fxe6 21.Qe2 Ng6 22.
Nd2 Nf4 23.Bxf4 gxf4 24.Nc4 Nh5 25.Qe1 Qg5 26.Nb6 Rg7 27.Rd2 Kh8 28.Kg1 
Rfg8 29.Kf1 Nf6 30.Rf2 Qh4 31.h3 Qg3 32.Qd2 Qh2 33.Re1 Nh5 0-1

[Event "43rd Pan-American U20"]
[Site "Guayaquil ECU"]
[Date "2018.06.21"]
[Round "5.1"]
[White "Cofre Archibold, Nestor"]
[Black "Vazquez Maccarini, Danitza"]
[Result "1/2-1/2"]
[WhiteElo "2364"]
[BlackElo "2242"]
[EventDate "2018.06.19"]
[PlyCount "93"]

1.Nf3 Nf6 2.g3 d5 3.Bg2 Bg4 4.b3 e6 5.Bb2 c5 6.d3 Nc6 7.Nbd2 Be7 8.h3 Bh5 
9.O-O O-O 10.a3 Nd7 11.c4 Bf6 12.Qb1 Qe7 13.Re1 dxc4 14.bxc4 Bg6 15.Bxf6 
Nxf6 16.Qb2 Rac8 17.Reb1 b6 18.a4 e5 19.Nh4 Nd4 20.Nxg6 hxg6 21.Re1 Rfd8 
22.a5 Rb8 23.axb6 axb6 24.Rab1 b5 25.e3 Nf5 26.cxb5 Rxd3 27.Nc4 e4 28.Bf1 
Rd7 29.Ne5 Rd6 30.Bc4 Nh6 31.Nxg6 Qd7 32.Kg2 Rd2 33.Qe5 Rxf2+ 34.Kxf2 
Nfg4+ 35.hxg4 Nxg4+ 36.Kg2 Nxe5 37.Nxe5 Qf5 38.Nxf7 Qf3+ 39.Kh2 Qf2+ 40.
Kh3 Qf5+ 41.Kh4 g5+ 42.Nxg5+ Kg7 43.Nf7 Qf6+ 44.Kh3 Qf5+ 45.Kg2 Qf3+ 46.
Kh2 Qf2+ 47.Kh3 1/2-1/2

[Event "43rd Pan-American U20"]
[Site "Guayaquil ECU"]
[Date "2018.06.21"]
[Round "5.2"]
[White "Molina Mendoza, Omar"]
[Black "Guo, Arthur"]
[Result "1/2-1/2"]
[WhiteElo "2214"]
[BlackElo "2165"]
[EventDate "2018.06.19"]
[PlyCount "46"]

1.d4 Nf6 2.c4 e6 3.g3 Be7 4.Bg2 d5 5.Nf3 O-O 6.O-O c6 7.Qc2 b6 8.Nbd2 Bb7 
9.Rd1 Na6 10.b3 Rc8 11.Bb2 Rc7 12.Rac1 Qa8 13.a3 c5 14.dxc5 Rxc5 15.b4 
Rcc8 16.Qb1 h6 17.Ne5 Rfd8 18.cxd5 Rxc1 19.Qxc1 Bxd5 20.Bxd5 Rxd5 21.Ndf3 
Rxd1+ 22.Qxd1 Qc8 23.Qc1 Qxc1+ 1/2-1/2

[Event "43rd Pan-American U20"]
[Site "Guayaquil ECU"]
[Date "2018.06.21"]
[Round "5.3"]
[White "Reinoso Salas, Daniel"]
[Black "Esmeraldas Huachi, Anderson"]
[Result "1-0"]
[WhiteElo "2067"]
[BlackElo "1865"]
[EventDate "2018.06.19"]
[PlyCount "63"]

1.d4 Nf6 2.c4 g6 3.Nc3 Bg7 4.e4 d6 5.Nf3 O-O 6.Be2 e5 7.O-O Nc6 8.d5 Ne7 
9.b4 Nh5 10.Re1 f5 11.Ng5 Nf4 12.Bxf4 exf4 13.Rc1 Bh6 14.Nf3 a5 15.a3 g5 
16.Nd4 g4 17.f3 g3 18.h3 fxe4 19.Nxe4 Nf5 20.Nxf5 Bxf5 21.Bd3 axb4 22.axb4
Bg7 23.Bb1 Qh4 24.Qd2 Ra3 25.c5 Bxh3 26.gxh3 Qxh3 27.Re2 Rf5 28.Nxd6 Re5 
29.Nf5 Rxf3 30.d6 Rxe2 31.Qxe2 Rf2 32.Qe6+ 1-0

[Event "43rd Pan-American U20"]
[Site "Guayaquil ECU"]
[Date "2018.06.21"]
[Round "5.4"]
[White "Noboa, Kevin"]
[Black "Ghatti, Sanjay"]
[Result "1-0"]
[WhiteElo "2267"]
[BlackElo "2189"]
[EventDate "2018.06.19"]
[PlyCount "75"]

1.d4 Nf6 2.c4 Nc6 3.Nf3 e6 4.Nc3 d5 5.cxd5 exd5 6.Bg5 Be7 7.e3 h6 8.Bh4 g5
9.Bg3 Ne4 10.Bd3 Bf5 11.Bxe4 Bxe4 12.Nxe4 dxe4 13.Nd2 Bb4 14.O-O Bxd2 15.
Qxd2 O-O 16.f3 exf3 17.Rxf3 f5 18.Qc2 Qd7 19.Rc1 f4 20.Be1 Rae8 21.Bc3 Qf5
22.Qb3+ Qf7 23.Qxb7 Qd5 24.exf4 g4 25.Rf2 Rf5 26.Qa6 Re6 27.Qd3 Re4 28.Qg3
h5 29.h3 Nxd4 30.hxg4 Rf7 31.Bxd4 Qxd4 32.gxh5+ Rg7 33.Qc3 Qd8 34.Qb3+ Kh8
35.Qf3 Rd4 36.Re2 Qh4 37.Re8+ Kh7 38.Qa8 1-0

[Event "43rd Pan-American U20"]
[Site "Guayaquil ECU"]
[Date "2018.06.21"]
[Round "5.5"]
[White "Lu, Maximillian"]
[Black "Jaramillo Arce, David"]
[Result "1-0"]
[WhiteElo "2204"]
[BlackElo "2100"]
[EventDate "2018.06.19"]
[PlyCount "125"]

1.d4 Nf6 2.c4 e6 3.g3 d5 4.Nf3 Bb4+ 5.Bd2 Be7 6.Bg2 c6 7.Qc2 Nbd7 8.O-O 
O-O 9.Bf4 b6 10.Nbd2 Bb7 11.e4 dxe4 12.Nxe4 Nxe4 13.Qxe4 Rc8 14.Rad1 Re8 
15.Rfe1 Nf6 16.Qe2 Bb4 17.Rf1 Bf8 18.a3 Qe7 19.b4 a5 20.bxa5 bxa5 21.c5 
Nd5 22.Bd6 Qd8 23.Bxf8 Rxf8 24.Qc2 Ba6 25.Rfe1 a4 26.h4 h6 27.Bh3 Qa5 28.
Kg2 Qc3 29.Qxc3 Nxc3 30.Rc1 Nd5 31.Ne5 Rfd8 32.Kg1 Ne7 33.Red1 Bb5 34.Nc4 
Bxc4 35.Rxc4 Ra8 36.Rb1 Ra7 37.Rbb4 Rda8 38.Bg2 Kf8 39.Be4 Ke8 40.Bc2 Kd7 
41.Be4 Kc7 42.Kf1 f5 43.Bf3 g5 44.hxg5 hxg5 45.Bd1 Nd5 46.Rxa4 Rxa4 47.
Rxa4 Rxa4 48.Bxa4 Nc3 49.Bb3 Nb5 50.Bxe6 Nxd4 51.Bc4 Nf3 52.Ke2 Ne5 53.Be6
f4 54.gxf4 gxf4 55.Kd2 Kb7 56.Kc3 Ka6 57.Kd4 Nf3+ 58.Kc4 Ne5+ 59.Kd4 Nf3+ 
60.Ke4 Ng5+ 61.Kf5 Nh3 62.Bc4+ Ka5 63.f3 1-0

[Event "43rd Pan-American U20"]
[Site "Guayaquil ECU"]
[Date "2018.06.21"]
[Round "5.6"]
[White "Rodriguez Horna, Lorenzo"]
[Black "Avila Pavas, Santiago"]
[Result "1-0"]
[WhiteElo "1939"]
[BlackElo "2278"]
[EventDate "2018.06.19"]
[PlyCount "119"]

1.b3 e5 2.Bb2 Nc6 3.e3 d5 4.Bb5 f6 5.f4 exf4 6.exf4 Bc5 7.d4 Bd6 8.Qf3 a6 
9.Bxc6+ bxc6 10.Nc3 Nh6 11.O-O-O Bg4 12.Re1+ Kf7 13.Qf2 Re8 14.Nf3 Bxf4+ 
15.Kb1 Bxf3 16.Qxf3 Qd6 17.Ne2 Be3 18.Ng3 Qf4 19.Qd1 Qg4 20.Qd3 Bf4 21.
Ref1 Bxg3 22.hxg3 Qe4 23.Qc3 Re6 24.Re1 Qg4 25.Bc1 Rxe1 26.Rxe1 Qd7 27.
Bxh6 gxh6 28.Qd3 Kg7 29.Qe2 Rf8 30.Qxa6 Qd6 31.Qd3 Ra8 32.Qe3 Kg8 33.Qe6+ 
Kf8 34.a4 Qxg3 35.Qxf6+ Kg8 36.Qe6+ Kh8 37.Qe5+ Qxe5 38.Rxe5 Rg8 39.Re6 
Rxg2 40.Rxc6 h5 41.a5 h4 42.Rh6 Rg4 43.a6 Rg8 44.Rxh4 Rg6 45.Rh5 Rxa6 46.
Rxd5 Kg7 47.Rd7+ Kg6 48.Rxc7 h5 49.Rc3 h4 50.Rh3 Kg5 51.c4 Kg4 52.Rh1 Rd6 
53.Rd1 h3 54.c5 Rd8 55.d5 h2 56.d6 Kf3 57.Kc2 Kg2 58.Kc3 h1=Q 59.Rxh1 Kxh1
60.Kc4 1-0

[Event "43rd Pan-American U20"]
[Site "Guayaquil ECU"]
[Date "2018.06.21"]
[Round "5.7"]
[White "Estrada Lavin, Cristian Alexand"]
[Black "Gomez Barrera, Gonzalo Andres"]
[Result "1/2-1/2"]
[WhiteElo "2120"]
[BlackElo "1814"]
[EventDate "2018.06.19"]
[PlyCount "40"]

1.Nf3 Nf6 2.d4 c5 3.c3 cxd4 4.cxd4 d5 5.Nc3 Nc6 6.Bf4 e6 7.e3 Bb4 8.a3 Bd6
9.Bg3 Bxg3 10.hxg3 a6 11.Bd3 Qe7 12.Rc1 Bd7 13.Na4 O-O 14.Nb6 Rab8 15.Ne5 
g6 16.Nbxd7 Nxd7 17.Nxc6 bxc6 18.Rxc6 Rxb2 19.Rxa6 Ra2 20.Qc1 Rb8 1/2-1/2

[Event "43rd Pan-American U20"]
[Site "Guayaquil ECU"]
[Date "2018.06.21"]
[Round "5.8"]
[White "Aspiazu, Marlon"]
[Black "Aguirre Burgos, Flavio Jose"]
[Result "1-0"]
[WhiteElo "1977"]
[BlackElo "1737"]
[EventDate "2018.06.19"]
[PlyCount "46"]

1.c4 Nf6 2.Nc3 g6 3.d4 Bg7 4.e4 d6 5.Be2 O-O 6.Nf3 e5 7.O-O Na6 8.Be3 Ng4 
9.Bg5 Qe8 10.d5 f5 11.Ne1 Nh6 12.f3 Nf7 13.Bd2 f4 14.Nd3 g5 15.b4 b6 16.
Rc1 h5 17.c5 Nh6 18.cxd6 cxd6 19.Nf2 Qg6 20.Nb5 g4 21.Rc6 g3 22.hxg3 fxg3 
23.Nh3 Nf7 1-0

[Event "43rd Pan-American U20"]
[Site "Guayaquil ECU"]
[Date "2018.06.21"]
[Round "5.9"]
[White "Araoz Andrade, Ivan Alexander"]
[Black "Delgado Romero, Marco"]
[Result "1/2-1/2"]
[WhiteElo "1868"]
[BlackElo "2209"]
[EventDate "2018.06.19"]
[PlyCount "144"]

1.e4 g6 2.d4 Bg7 3.Nc3 c6 4.Nf3 d5 5.h3 dxe4 6.Nxe4 Nf6 7.Nxf6+ exf6 8.Bd3
O-O 9.O-O Be6 10.c3 a5 11.Bf4 Re8 12.Re1 Nd7 13.Qc2 Qb6 14.Re2 Bd5 15.
Rxe8+ Rxe8 16.Nd2 Qd8 17.a3 Nf8 18.b4 Ne6 19.Be3 f5 20.f3 axb4 21.axb4 Qh4
22.Bf2 Qg5 23.h4 Qh6 24.Re1 Ra8 25.Nb3 Nf4 26.c4 Be6 27.Nc5 Rd8 28.Nxb7 
Rxd4 29.Bf1 Rd2 30.Qa4 Rxf2 31.Qa8+ Bf8 32.Kxf2 Qxh4+ 33.g3 Qh2+ 34.Ke3 
Qg1+ 35.Kd2 Qf2+ 36.Be2 Bxc4 37.gxf4 Qd4+ 38.Kc2 Kg7 39.Nc5 Qf2 40.Qa1+ f6
41.Kd2 Bd6 42.Qa7+ Kh8 43.Qa8+ Bg8 44.Nd3 Qd4 45.Qxc6 Bxb4+ 46.Kc2 Bxe1 
47.Nxe1 h5 48.Qe8 Kg7 49.Nd3 Bf7 50.Qe7 h4 51.Bf1 Kg8 52.Qe2 Qd6 53.Qf2 
Qd5 54.Qxh4 Qxf3 55.Qf2 Qd5 56.Kd2 Kg7 57.Qg2 Qa5+ 58.Ke2 Bd5 59.Qg3 Bc4 
60.Ke3 Qa7+ 61.Kd2 Qc7 62.Qe3 Qa5+ 63.Ke2 Qa2+ 64.Kf3 Qh2 65.Qe7+ Bf7 66.
Nc5 Qh5+ 67.Ke3 g5 68.Ne6+ Kg6 69.Nf8+ Kg7 70.Ne6+ Kg6 71.Nf8+ Kg7 72.Ne6+
Kg6 1/2-1/2

[Event "43rd Pan-American U20"]
[Site "Guayaquil ECU"]
[Date "2018.06.21"]
[Round "5.10"]
[White "Menes Aguirre, Ivan"]
[Black "Zambrano, Junior"]
[Result "0-1"]
[WhiteElo "1792"]
[BlackElo "2152"]
[EventDate "2018.06.19"]
[PlyCount "48"]

1.e4 c6 2.d3 d5 3.Nd2 e5 4.Ngf3 Bd6 5.g3 Ne7 6.Bg2 O-O 7.O-O h6 8.b3 Be6 
9.Bb2 Nd7 10.d4 Bg4 11.h3 Bxf3 12.Nxf3 dxe4 13.Nxe5 f5 14.c4 Qc7 15.Nxd7 
Qxd7 16.d5 c5 17.Qh5 Qe8 18.Qxe8 Raxe8 19.f3 exf3 20.Rxf3 Ng6 21.Raf1 f4 
22.g4 Nh4 23.R3f2 f3 24.Bxf3 Bg3 0-1

[Event "43rd Pan-American U20"]
[Site "Guayaquil ECU"]
[Date "2018.06.22"]
[Round "6.1"]
[White "Vazquez Maccarini, Danitza"]
[Black "Reinoso Salas, Daniel"]
[Result "1/2-1/2"]
[WhiteElo "2242"]
[BlackElo "2067"]
[EventDate "2018.06.19"]
[PlyCount "90"]

1.e4 c6 2.d4 d5 3.exd5 cxd5 4.c4 Nf6 5.Nc3 e6 6.Nf3 Bb4 7.a3 Bxc3+ 8.bxc3 
dxc4 9.Bxc4 O-O 10.O-O Qc7 11.Qd3 Nbd7 12.Bg5 b6 13.Bh4 Bb7 14.Bg3 Qc6 15.
Bb5 Qe4 16.Qxe4 Bxe4 17.Nd2 Bd5 18.c4 Bb7 19.Rab1 Rfd8 20.Bc7 Rdc8 21.Bd6 
Bc6 22.Ba6 Rd8 23.Bc7 Re8 24.Nf3 Nb8 25.Bxb8 Raxb8 26.Ne5 Bb7 27.Bxb7 Rxb7
28.c5 Nd5 29.Nc4 Rc7 30.Nd6 Ra8 31.Rfc1 Kf8 32.g3 Ke7 33.Kg2 Rc6 34.a4 g5 
35.a5 f5 36.Nc4 bxc5 37.Ne5 Rc7 38.dxc5 Rac8 39.c6 Kd6 40.Nc4+ Ke7 41.Rb7 
Kf8 42.Ne5 Ke7 43.a6 g4 44.Nc4 Kf8 45.Na5 Ke7 1/2-1/2

[Event "43rd Pan-American U20"]
[Site "Guayaquil ECU"]
[Date "2018.06.22"]
[Round "6.2"]
[White "Molina Mendoza, Omar"]
[Black "Cofre Archibold, Nestor"]
[Result "1/2-1/2"]
[WhiteElo "2214"]
[BlackElo "2364"]
[EventDate "2018.06.19"]
[PlyCount "83"]

1.d4 Nf6 2.c4 g6 3.g3 Bg7 4.Bg2 O-O 5.Nc3 c5 6.d5 d6 7.Nf3 Na6 8.O-O Nc7 
9.a4 Rb8 10.Qc2 a6 11.a5 e6 12.e4 exd5 13.cxd5 Re8 14.Nd2 Nb5 15.Nc4 Ng4 
16.Bf4 Nd4 17.Qd3 Ne5 18.Bxe5 Bxe5 19.Nxe5 Rxe5 20.f4 Re8 21.Ne2 Nxe2+ 22.
Qxe2 f6 23.Qd2 b5 24.b4 cxb4 25.Qxb4 f5 26.e5 dxe5 27.fxe5 Rxe5 28.Rae1 
Rxe1 29.Rxe1 Kf7 30.d6 Be6 31.Bd5 Bxd5 32.Re7+ Qxe7 33.dxe7 Re8 34.Qd6 Bb7
35.Qb6 Rxe7 36.Qd6 h6 37.Kf2 h5 38.h4 Re6 39.Qd7+ Re7 40.Qd6 Re4 41.Qd7+ 
Re7 42.Qd6 1/2-1/2

[Event "43rd Pan-American U20"]
[Site "Guayaquil ECU"]
[Date "2018.06.22"]
[Round "6.3"]
[White "Lu, Maximillian"]
[Black "Noboa, Kevin"]
[Result "1/2-1/2"]
[WhiteElo "2204"]
[BlackElo "2267"]
[EventDate "2018.06.19"]
[PlyCount "108"]

1.d4 e6 2.c4 Bb4+ 3.Bd2 Qe7 4.g3 Nc6 5.Nf3 Nf6 6.Bg2 Bxd2+ 7.Qxd2 Ne4 8.
Qc2 Qb4+ 9.Nc3 Nxc3 10.Qxc3 Qxc3+ 11.bxc3 d6 12.Rb1 O-O 13.e3 Rb8 14.Nd2 
Na5 15.O-O b6 16.c5 Ba6 17.Rfc1 bxc5 18.dxc5 Bd3 19.Rb4 d5 20.Bf1 Bxf1 21.
Kxf1 Nc6 22.Rb3 f6 23.Rcb1 Kf7 24.Rb7 Rfc8 25.e4 Rxb7 26.Rxb7 dxe4 27.Nxe4
Ke8 28.Ke2 Kd7 29.Kd3 Rb8 30.Rxb8 Nxb8 31.Nd2 Nc6 32.f4 h5 33.Nf3 Nd8 34.
Kc4 c6 35.Kd4 Nf7 36.Ke4 Nh6 37.h3 Nf5 38.g4 hxg4 39.hxg4 Ne7 40.c4 Ng8 
41.g5 Ne7 42.Nh4 Kc7 43.Kd3 Kb7 44.gxf6 gxf6 45.Kc3 Kc7 46.Kd3 Kd7 47.Ke4 
Ke8 48.Kf3 Kf7 49.Ke4 Kg7 50.Kf3 Ng6 51.Ng2 Nf8 52.Ne3 Kf7 53.Nc2 Ke7 54.
Ke4 Ng6 1/2-1/2

[Event "43rd Pan-American U20"]
[Site "Guayaquil ECU"]
[Date "2018.06.22"]
[Round "6.4"]
[White "Guo, Arthur"]
[Black "Aspiazu, Marlon"]
[Result "1-0"]
[WhiteElo "2165"]
[BlackElo "1977"]
[EventDate "2018.06.19"]
[PlyCount "131"]

1.d4 e6 2.e4 d5 3.Nd2 c5 4.exd5 Qxd5 5.Ngf3 cxd4 6.Bc4 Qd6 7.O-O Nf6 8.Nb3
Nc6 9.Nbxd4 Nxd4 10.Nxd4 a6 11.Re1 Be7 12.Be3 O-O 13.Qf3 Qc7 14.Bb3 Bd6 
15.Qh3 Nd5 16.Bxd5 exd5 17.Qh5 Be6 18.h3 Rfe8 19.Re2 g6 20.Qf3 Be5 21.Rae1
Bg7 22.c3 b5 23.Bg5 Qd7 24.Bf6 Rac8 25.Qf4 Bf5 26.Bxg7 Rxe2 27.Rxe2 Kxg7 
28.Qg5 h6 29.Qe3 Qd6 30.a3 Rd8 31.Qe7 Rd7 32.Qxd6 Rxd6 33.Re7 Bd7 34.Nb3 
Kf6 35.Re3 Be6 36.Kf1 Ke7 37.Ke2 Kd8 38.Kd3 Kc7 39.Kd4 Rd8 40.Nc5 Rd6 41.
b4 Rc6 42.Rf3 Kd6 43.Re3 Rb6 44.Re1 Rc6 45.Ra1 Bc8 46.a4 bxa4 47.Rxa4 Rb6 
48.Ra2 Rc6 49.Ra5 h5 50.h4 f5 51.g3 Rb6 52.Nd3 Be6 53.Nf4 Bf7 54.Nxd5 Bxd5
55.Rxd5+ Kc7 56.Rc5+ Kd7 57.Ra5 Kc7 58.Kc4 Re6 59.Ra2 Rc6+ 60.Kb3 Kb6 61.
Re2 g5 62.c4 gxh4 63.gxh4 f4 64.Re5 Rf6 65.Ka4 Kc6 66.Rxh5 1-0

[Event "43rd Pan-American U20"]
[Site "Guayaquil ECU"]
[Date "2018.06.22"]
[Round "6.5"]
[White "Ghatti, Sanjay"]
[Black "Rodriguez Horna, Lorenzo"]
[Result "1-0"]
[WhiteElo "2189"]
[BlackElo "1939"]
[EventDate "2018.06.19"]
[PlyCount "119"]

1.e4 c6 2.d4 d5 3.exd5 cxd5 4.Bd3 Nc6 5.c3 Qc7 6.Ne2 Bg4 7.O-O e6 8.Qe1 
Bxe2 9.Qxe2 Bd6 10.h3 Nf6 11.Nd2 O-O 12.Nf3 Bf4 13.Bxf4 Qxf4 14.Rfe1 Nd7 
15.a4 Rac8 16.g3 Qf6 17.Nh2 g6 18.Ng4 Qg7 19.f4 Rfe8 20.Ne5 f6 21.Nxd7 
Qxd7 22.Qg4 f5 23.Qf3 a6 24.g4 Re7 25.Re2 Rce8 26.b4 Nd8 27.b5 Qc7 28.Rc1 
axb5 29.Bxb5 fxg4 30.hxg4 Rf8 31.Rf1 Ref7 32.Ref2 Kg7 33.Qe3 Rf6 34.Kg2 
Qd6 35.Qg3 g5 36.fxg5 Qxg3+ 37.Kxg3 Rxf2 38.Rxf2 Rxf2 39.Kxf2 Nf7 40.a5 
Nxg5 41.Bd3 Kf6 42.Ke3 h6 43.Kf4 Nh3+ 44.Kg3 Ng5 45.c4 dxc4 46.Bxc4 e5 47.
Bd5 Ne6 48.dxe5+ Kxe5 49.Bxb7 Nd4 50.a6 Nb5 51.Kf3 Na7 52.Ke3 Nb5 53.Kd3 
Kd6 54.Kc4 Na3+ 55.Kb4 Nc2+ 56.Ka5 Kc7 57.Bd5 Na3 58.a7 Nc4+ 59.Ka6 Nb6 
60.Bg2 1-0

[Event "43rd Pan-American U20"]
[Site "Guayaquil ECU"]
[Date "2018.06.22"]
[Round "6.6"]
[White "Zambrano, Junior"]
[Black "Mendoza Criollo, Carlos David"]
[Result "1-0"]
[WhiteElo "2152"]
[BlackElo "1945"]
[EventDate "2018.06.19"]
[PlyCount "121"]

1.e4 c5 2.Nf3 d6 3.d4 cxd4 4.Nxd4 Nf6 5.Nc3 a6 6.h3 e6 7.g4 d5 8.Nde2 Bb4 
9.exd5 Nxd5 10.Bg2 O-O 11.O-O Nxc3 12.Nxc3 Qc7 13.Ne4 Bd7 14.c3 Be7 15.Bg5
Bc6 16.Bxe7 Qxe7 17.Qd6 Qxd6 18.Nxd6 Bxg2 19.Kxg2 Nd7 20.Rfd1 Rab8 21.Rd2 
Ne5 22.f4 Nc6 23.a4 b6 24.Nc4 Rfd8 25.Rad1 b5 26.Rxd8+ Nxd8 27.axb5 axb5 
28.Na3 Nc6 29.Rd6 Na7 30.Rd7 Nc6 31.Rd6 Na7 32.Rd7 Nc6 33.Rc7 Nd8 34.Rc5 
b4 35.cxb4 Rxb4 36.Rc8 Rd4 37.b4 Kf8 38.b5 Ke7 39.b6 Rd2+ 40.Kg1 Rd7 41.
Nc4 f6 42.Kf2 h6 43.Ke3 Nb7 44.Rg8 Kf7 45.Rb8 Ke7 46.h4 Nd8 47.Na5 Kd6 48.
Rxd8 Rxd8 49.Nb7+ Kd7 50.Nxd8 Kxd8 51.Kd4 Kd7 52.Kc5 g6 53.b7 Kc7 54.b8=Q+
Kxb8 55.Kd6 e5 56.fxe5 fxe5 57.Kxe5 Kc7 58.Kf6 g5 59.hxg5 hxg5 60.Kxg5 Kd6
61.Kf6 1-0

[Event "43rd Pan-American U20"]
[Site "Guayaquil ECU"]
[Date "2018.06.22"]
[Round "6.7"]
[White "Esmeraldas Huachi, Anderson"]
[Black "Estrada Lavin, Cristian Alexand"]
[Result "1-0"]
[WhiteElo "1865"]
[BlackElo "2120"]
[EventDate "2018.06.19"]
[PlyCount "120"]

1.d4 d5 2.c4 c6 3.Nc3 Nf6 4.Bf4 e6 5.e3 Nbd7 6.Nf3 Be7 7.Bd3 O-O 8.O-O b6 
9.Rc1 Bb7 10.cxd5 exd5 11.Ne5 c5 12.Bf5 g6 13.Bh3 Re8 14.Nb5 Nxe5 15.Bxe5 
Rf8 16.dxc5 bxc5 17.Nc7 Rb8 18.b4 cxb4 19.Nb5 Ra8 20.Bc7 Qe8 21.Nd6 Bxd6 
22.Bxd6 Qb5 23.Bxf8 Rxf8 24.f3 Re8 25.Qd4 Kg7 26.Rfe1 Qa5 27.Rb1 Qxa2 28.
Rxb4 Bc8 29.Bxc8 Rxc8 30.Ra4 Qc2 31.Ra6 Qf5 32.e4 dxe4 33.fxe4 Qc5 34.Qxc5
Rxc5 35.e5 Ng4 36.e6 fxe6 37.Rxa7+ Kh6 38.Re7 e5 39.h3 Nf6 40.R7xe5 Rxe5 
41.Rxe5 g5 42.g3 Kg6 43.Ra5 h6 44.Kf2 Kg7 45.Ke3 Nh5 46.Ra7+ Kg6 47.Ra6+ 
Kg7 48.Kf3 Nf6 49.Rb6 Kf7 50.Ra6 Kg7 51.Ra3 Kg6 52.Ke3 Nh5 53.Ke4 Nf6+ 54.
Ke5 Nh5 55.g4 Nf4 56.h4 Ne2 57.h5+ Kg7 58.Ra7+ Kg8 59.Kf6 Nf4 60.Rd7 Kh8 
1-0

[Event "43rd Pan-American U20"]
[Site "Guayaquil ECU"]
[Date "2018.06.22"]
[Round "6.8"]
[White "Gomez Barrera, Gonzalo Andres"]
[Black "Avila Pavas, Santiago"]
[Result "0-1"]
[WhiteElo "1814"]
[BlackElo "2278"]
[EventDate "2018.06.19"]
[PlyCount "124"]

1.e4 Nf6 2.e5 Nd5 3.d4 d6 4.Nf3 g6 5.Bc4 Nb6 6.Bb3 Bg7 7.O-O O-O 8.Re1 Nc6
9.exd6 cxd6 10.h3 d5 11.c3 Bf5 12.Bf4 Na5 13.Bc2 Bxc2 14.Qxc2 Rc8 15.Qe2 
Re8 16.Nbd2 Nac4 17.Nxc4 dxc4 18.Be5 f6 19.Bg3 Qd5 20.Qe6+ Qxe6 21.Rxe6 
Kf7 22.Rae1 Bh6 23.R6e2 Nd5 24.Re4 Rc6 25.Nh2 Rb6 26.R4e2 Bf4 27.Bxf4 Nxf4
28.Rc2 e5 29.Nf3 exd4 30.cxd4 Rxe1+ 31.Nxe1 Nd3 32.Nxd3 cxd3 33.Rd2 Rb4 
34.f3 f5 35.g3 g5 36.Rxd3 Rxb2 37.Rc3 Ke6 38.Rc7 h6 39.Rh7 Kd5 40.Rd7+ Kc6
41.Rh7 Rxa2 42.Rxh6+ Kd5 43.Rf6 a5 44.Rxf5+ Kd6 45.h4 gxh4 46.gxh4 a4 47.
h5 Rd2 48.h6 Rxd4 49.f4 Kc6 50.h7 Rd8 51.Rh5 Rh8 52.Kf2 b5 53.Ke3 a3 54.
Rh2 b4 55.Kd3 b3 56.Kc3 b2 57.Rh6+ Kd5 58.Rh5+ Ke4 59.Re5+ Kxf4 60.Re1 
Rxh7 61.Kb3 Rc7 62.Rf1+ Ke3 0-1

[Event "43rd Pan-American U20"]
[Site "Guayaquil ECU"]
[Date "2018.06.22"]
[Round "6.9"]
[White "Delgado Romero, Marco"]
[Black "Ramos Baya, David Santiago"]
[Result "1-0"]
[WhiteElo "2209"]
[BlackElo "1693"]
[EventDate "2018.06.19"]
[PlyCount "47"]

1.e4 e5 2.Nf3 Nc6 3.Bb5 a6 4.Ba4 Nf6 5.O-O Be7 6.Re1 b5 7.Bb3 d6 8.c3 O-O 
9.h3 Na5 10.Bc2 c5 11.d4 cxd4 12.cxd4 Nc6 13.Nc3 Bd7 14.Be3 Rc8 15.Rc1 Re8
16.Bb3 h6 17.a4 b4 18.Nd5 exd4 19.Nxd4 Nxe4 20.Nxc6 Rxc6 21.Rxc6 Bxc6 22.
Bb6 Qb8 23.Rxe4 Bxd5 24.Qxd5 1-0

[Event "43rd Pan-American U20"]
[Site "Guayaquil ECU"]
[Date "2018.06.22"]
[Round "6.10"]
[White "Jaramillo Arce, David"]
[Black "Haro, Harold"]
[Result "1-0"]
[WhiteElo "2100"]
[BlackElo "1629"]
[EventDate "2018.06.19"]
[PlyCount "82"]

1.d4 Nf6 2.Nf3 g6 3.g3 Bg7 4.Bg2 O-O 5.O-O d6 6.Nbd2 Nbd7 7.e4 e5 8.c3 c6 
9.a4 Re8 10.dxe5 dxe5 11.Qc2 Qc7 12.b3 b5 13.Re1 a5 14.Nf1 Bb7 15.N3d2 
Rad8 16.Ne3 Nc5 17.Bf1 Qb6 18.Ba3 Na6 19.Rad1 h5 20.Bg2 h4 21.Nf3 hxg3 22.
hxg3 Nh5 23.Ng4 f6 24.Bc1 Qc7 25.Nh4 Kh7 26.Be3 Bc8 27.Bf3 Rxd1 28.Qxd1 
Rd8 29.Qe2 bxa4 30.bxa4 c5 31.Nh2 Qf7 32.Qb5 Qc7 33.Bg4 Bf8 34.Kg2 Rd6 35.
Qe8 Ng7 36.Qxg6+ Kg8 37.Nf5 Rb6 38.Nf3 Bb7 39.Rh1 Bd6 40.Qh7+ Kf8 41.Qh8+ 
Kf7 1-0